Избранные сочинения (Record no. 7259897)

MARC details
000 -МАРКЕР
контрольное поле 01130nam0a22003011 4500
001 - ИДЕНТИФИКАТОР ЗАПИСИ
контрольное поле rc\2775965
005 - ИДЕНТИФИКАТОР ВЕРСИИ
контрольное поле 20260406095952.0
035 ## - ДРУГИЕ СИСТЕМНЫЕ НОМЕРА
Идентификатор записи (NLR Aleph) 006902255
100 ## - ДАННЫЕ ОБЩЕЙ ОБРАБОТКИ
Данные общей обработки 20110915d1941 u y0rusy50 ca
101 0# - ЯЗЫК РЕСУРСА
Язык текста, звукозаписи и т.д. русский
102 ## - СТРАНА ПУБЛИКАЦИИ ИЛИ ПРОИЗВОДСТВА
Страна публикации Российская Федерация
105 ## - ПОЛЕ КОДИРОВАННЫХ ДАННЫХ: ТЕКСТОВЫЕ МАТЕРИАЛЫ, МОНОГРАФИЧЕСКИЕ
Кодированные данные о монографическом текстовом документе c z |||||
200 1# - ЗАГЛАВИЕ И СВЕДЕНИЯ ОБ ОТВЕТСТВЕННОСТИ
Основное заглавие Избранные сочинения
Первые сведения об ответственности Микаел Налбандян
Последующие сведения об ответственности Ред. и предисл. Х. Саркисяна
210 ## - ПУБЛИКАЦИЯ, РАСПРОСТРАНЕНИЕ И ДР.
Место издания, распространения и т.д. Ереван
Имя издателя, распространителя и т. д. Армгиз
Дата издания, распространения и т.д. 1941
215 ## - ФИЗИЧЕСКАЯ ХАРАКТЕРИСТИКА
Специфическое обозначение материала и объем 365, [3] с.
Другие сведения о физической характеристике портр.
Размеры 20 см.
225 1# - СЕРИЯ
Основное заглавие серии Армянская литература
300 ## - ОБЩИЕ ПРИМЕЧАНИЯ
Текст примечания Парал. тит. л. на арм. яз.
700 #1 - ИМЯ ЛИЦА - ПЕРВИЧНАЯ ОТВЕТСТВЕННОСТЬ
Графика поля Кириллица
Материалы, к которым относится поле rus
Начальный элемент ввода Налбандян
Часть имени, кроме начального элемента ввода М. Л.
Даты 1829-1866
Расширение инициалов личного имени Микаэл Лазаревич
Системный номер авторитетной/нормативной записи 2692151
Идентификатор авторитетной/нормативной записи RU\NLR\AUTH\770288403
702 #1 - ИМЯ ЛИЦА - ВТОРИЧНАЯ ОТВЕТСТВЕННОСТЬ
Начальный элемент ввода Саркисян
Часть имени, кроме начального элемента ввода Х.
Код отношения Редактор
-- Автор введения, предисловия, примечания и т.п.
801 #0 - ИСТОЧНИК ЗАПИСИ
Страна Российская Федерация
Организация NLR
Правила каталогизации psbo
801 #1 - ИСТОЧНИК ЗАПИСИ
Страна Российская Федерация
Организация ELAR
Источник данных rusmarc
852 ## - МЕСТОНАХОЖДЕНИЕ И ШИФР ХРАНЕНИЯ
Идентификатор организации NLR
Шифр хранения (Call Number) Л40 Г-3/34
942 ## - ДОПОЛНИТЕЛЬНЫЕ ЭЛЕМЕНТЫ ЗАПИСИ (АБИС)
Тип экземпляра АБИС Книга
945 ## - Информацию об издании предоставили:
Полное название организации, предоставившей материал Российская национальная библиотека
-- Национальная библиотека Армении
980 ## - КОЛЛЕКЦИЯ
Название коллекции Национальная библиография
980 ## - КОЛЛЕКЦИЯ
Название коллекции Библиография Победы
预约
Тип экземпляра Дата поступления Библиотека постоянного хранения Библиотека текущего хранения Место хранения Шифр хранения Штрих-код Статус экземпляра
Книга 26.10.2013 РНБ (Садовая) РНБ (Садовая) Русский книжный фонд -Главное здание, Ленинский читальный зал Л40 Г-3/34 6902255-10